ARRUPE JESUIT UNIVERSITY

CORONAVIRUS -STOP THE SPREAD - CLEAN,DISINFECT,COVER

Sleepers of Mars (Record no. 128708)

MARC details
000 -LEADER
fixed length control field 00770cam a2200241 4500
001 - CONTROL NUMBER
control field 793276
003 - CONTROL NUMBER IDENTIFIER
control field ARRUPE
005 - DATE AND TIME OF LATEST TRANSACTION
control field 20181205085804.0
008 - FIXED-LENGTH DATA ELEMENTS--GENERAL INFORMATION
fixed length control field 740614s1973 enk 000 1 eng
010 ## - LIBRARY OF CONGRESS CONTROL NUMBER
LC control number 74168675
015 ## - NATIONAL BIBLIOGRAPHY NUMBER
National bibliography number GB73-10256
020 ## - INTERNATIONAL STANDARD BOOK NUMBER
International Standard Book Number 0340173262
040 ## - CATALOGING SOURCE
Original cataloging agency DLC
Transcribing agency DLC
Modifying agency DLC
050 ## - LIBRARY OF CONGRESS CALL NUMBER
Classification number PR6015.A6425
Item number S5
082 00 - DEWEY DECIMAL CLASSIFICATION NUMBER
Classification number 823/.9/12
300 ## - PHYSICAL DESCRIPTION
Dimensions 18 cm.
100 ## - MAIN ENTRY--PERSONAL NAME
Personal name Wyndham, John
9 (RLIN) 43770
245 10 - TITLE STATEMENT
Title Sleepers of Mars
Statement of responsibility, etc [by] John Wyndham, writing as John Beynon Harris; introduction by Walter Gillings.
260 ## - PUBLICATION, DISTRIBUTION, ETC. (IMPRINT)
Place of publication, distribution, etc London,
Name of publisher, distributor, etc Coronet,
Date of publication, distribution, etc 1973.
300 ## - PHYSICAL DESCRIPTION
Extent 155 p.
350 ## - PRICE (NR) (BK AM CF MU VM SE) [OBSOLETE]
Price £0.30
650 #0 - SUBJECT ADDED ENTRY--TOPICAL TERM
Topical term or geographic name as entry element Science fiction, English.
9 (RLIN) 43771
906 ## - LOCAL DATA ELEMENT F, LDF (RLIN)
a 7
b cbc
c orignew
d 3
e ncip
f 19
g y-gencatlg
942 ## - ADDED ENTRY ELEMENTS (KOHA)
Source of classification or shelving scheme Library of Congress Classification
Koha item type Monograph ( Printed materials)
Holdings
Withdrawn status Lost status Source of classification or shelving scheme Damaged status Not for loan Collection code Home library Current library Shelving location Date acquired Total Checkouts Full call number Barcode Date last seen Price effective from Koha item type
    Library of Congress Classification     Main Collection ARRUPE LIBRARY ARRUPE LIBRARY Main Collection 05/12/2018   PR6015.A6425 S5 46600002728 05/12/2018 05/12/2018 Monograph ( Printed materials)

 

Arrupe Library. PO Box MP320 Mt Pleasant, Harare, Zimbabwe
263 242 745411|librarian@aju.ac.zw